Countries Most Similar to Moldova - Statistics

General Stats
  • This quiz has been taken 115 times
  • The average score is 16 of 20
Answer Stats
Rank Country Score % Correct
1 Romania 80.9
97%
2 Ukraine 76.8
96%
20 Russia 66.3
94%
5 Bulgaria 72.1
90%
3 Serbia 74.9
89%
4 Belarus 73.4
87%
7 Slovakia 71.4
86%
19 Slovenia 66.7
85%
13 Poland 69.5
80%
14 Bosnia and Herzegovina 69.5
79%
8 Lithuania 71.1
79%
6 Hungary 71.7
77%
9 North Macedonia 71.1
77%
11 Croatia 69.8
76%
17 Czechia 68.4
76%
12 Georgia 69.7
76%
16 Latvia 68.4
76%
10 Armenia 70.4
75%
18 Estonia 67.5
70%
15 Montenegro 69.4
59%
No matching quizzes found
Score Distribution
Percent of People with Each Score
Percentile by Number Answered
Your Score History
You have not taken this quiz